000 00334nam a2200133Ia 4500
008 240624s9999 xx 000 0 und d
041 _aeng
082 _a005.758 RUS
100 _aRUSSEL CHARLIE
245 _aMICROSOFT WINDOWS SERVER 2003 ADMINISTRA
260 _c2003
_aNew Delhi
_bPrentice-Hall
300 _axlv, : 1571
365 _cRS
999 _c385
_d385